| 000 | 00618nam a2200193Ia 4500 | ||
|---|---|---|---|
| 003 | GCL | ||
| 008 | 140319s9999 xx 000 0 ara d | ||
| 040 |
_aGCL / _cGCL |
||
| 082 | 0 | 4 |
_a214.27 _bم ر |
| 100 | 1 | _aمارى ويلدز | |
| 245 | 1 | 0 |
_aرحلتى من الكنيسة الى المسجد لماذا ? / _cمارى ويلدز |
| 700 | 1 | _aمحمد عزت الطهطاوى (تقديم) | |
| 260 |
_a[S.N] : _bمكتبة النور للطباعة والتوزيع ، _c1992 |
||
| 300 | _a61 ص | ||
| 490 | _a | ||
| 650 | 0 | 4 | _aالاسلام |
| 650 | 0 | 4 | _aالاسلام والمسيحية |
| 942 |
_2ddc _cBK |
||
| 999 |
_c53761 _d53761 |
||